[Event "ECU-chT U20"]
[Site "Carpuela"]
[Date "2014.05.06"]
[Round "7.3"]
[White "Salazar Escobar, Ivan Antonio"]
[Black "Sarmiento Ramon, Carlos"]
[Result "0-1"]
[WhiteElo "1508"]
[BlackElo "1554"]
[PlyCount "32"]
[EventDate "2014.05.03"]
[EventType "team-swiss"]
[EventRounds "7"]
[EventCountry "ECU"]
[SourceTitle "CBM 160 Extra"]
[Source "ChessBase"]
[SourceDate "2014.07.01"]
[SourceVersion "1"]
[SourceVersionDate "2014.07.01"]
[SourceQuality "1"]
[WhiteTeam "Cotopaxi"]
[BlackTeam "Loja"]
[WhiteTeamCountry "ECU"]
[BlackTeamCountry "ECU"]

1. e4 c5 2. Nf3 d6 3. d4 cxd4 4. Nxd4 Nf6 5. Nc3 a6 6. f3 b5 7. Be3 Bb7 8. Qd2 Qc7 9. 0-0-0 Nc6 10. Kb1 Ne5 11. b3 e6 12. Bf4 Rd8 13. Nde2 Be7 14. Qd4 Nc6 15. Qd2 Nh5 16. Nd4 Nxd4 0-1